000 00422nam a22001697a 4500
005 20231128120458.0
008 231128b |||||||| |||| 00| 0 eng d
022 _a20954867
041 _aEnglish
082 _a340.1 CHI
100 _lEnglish
245 _aChina Legal Science
260 _c2018
300 _b160 pages ;
_c27 cm.
650 _aLegal practice
_bLaw
942 _cBK
_6ALISON_BN_VRIES
999 _c1003
_d1003